000 00546nam a2200193Ia 4500
003 GCL
008 140319s9999 xx 000 0 ara d
040 _aGCL /
_cGCL
082 0 4 _a616.97
_bاا
100 1 _aايجل، روبرت
245 1 0 _aامراض الحساسية /
_cايجل، روبرت
700 1 _aاحمد امين الجمل
260 _a[S.N] :
_bدار الشروق ،
_c1983
300 _a63 ص
490 _aدليل الجيب للصحة
_v0
650 0 4 _aامراض
650 0 4 _aالحساسية
942 _2ddc
_cBK
999 _c54859
_d54859